Do You Even Meme? #3 - Statistics

General Stats
  • This quiz has been taken 50 times
  • The average score is 15 of 16
Answer Stats
Hint Answer % Correct
Batman Slapping Robin
100%
Jack Sparrow is Being Chased
100%
Woman Yelling at Cat
100%
Boardroom Meeting Suggestion
98%
Grandma Finds the Internet
98%
Left Exit 12 Off Ramp
98%
Success Kid
98%
Unsettled Tom
98%
White Guy Blinks
98%
Oprah You Get A
93%
Bad Luck Brian
91%
First World Problems
91%
Running Away Balloon
91%
The Rock Driving
91%
Futurama Fry
88%
Why Shouldn't I?
79%
No matching quizzes found
Score Distribution
Percent of People with Each Score
Percentile by Number Answered
Your Score History
You have not taken this quiz